Memoria de la Junta Municipal de Beneficencia, con una reseña de los actos de la de Sanidad de esta Corte, acerca de la epidemia de cólera morbo asiático que sufrió esta capital en el año de 1865. (Record no. 158457)
[ view plain ]
| 000 -LEADER | |
|---|---|
| campo de control de longitud fija | 01034nam a2200241 i 4500 |
| 001 - NÚMERO DE CONTROL | |
| campo de control | 158457 |
| 003 - IDENTIFICADOR DE NÚMERO DE CONTROL | |
| campo de control | ES-MaACL |
| 005 - FECHA Y HORA DE LA ÚLTIMA TRANSACCIÓN | |
| campo de control | 20230906211146.0 |
| 008 - DATOS DE LONGITUD FIJA--INFORMACIÓN GENERAL | |
| campo de control de longitud fija | 990216s1866 sp |||| | spa d |
| 080 ## - NÚMERO DE LA CLASIFICACIÓN DECIMAL UNIVERSAL | |
| Número de la Clasificación Decimal Universal | 616.932(460.27 M.)"18" |
| 110 1# - ENTRADA PRINCIPAL--NOMBRE DE ENTIDAD CORPORATIVA | |
| Nombre de entidad corporativa o nombre de jurisdicción como elemento de entrada | Madrid. |
| Unidad subordinada | Junta Municipal de Beneficencia. |
| 9 (RLIN) | 201398 |
| 245 10 - MENCIÓN DEL TÍTULO | |
| Título | Memoria de la Junta Municipal de Beneficencia, con una reseña de los actos de la de Sanidad de esta Corte, acerca de la epidemia de cólera morbo asiático que sufrió esta capital en el año de 1865. |
| 260 ## - PUBLICACIÓN, DISTRIBUCIÓN, ETC. | |
| Lugar de publicación, distribución, etc. | Madrid : |
| Nombre del editor, distribuidor, etc. | [s.n.], |
| Fecha de publicación, distribución, etc. | 1866 ( |
| Fabricante | Oficina Tip. de los Asilos de San Bernardino) |
| 300 ## - DESCRIPCIÓN FÍSICA | |
| Extensión | 55 p., [6] h. pleg. ; |
| Dimensiones | 25 cm. |
| 530 ## - NOTA DISPONIBLE DE FORMULARIO FÍSICO ADICIONAL | |
| Nota de formato físico adicional disponible | Disponible en formato digital. |
| 597 ## - NOTA DE DESCRIPCIÓN FÍSICA | |
| NOTA DE DESCRIPCIÓN FÍSICA | Port. con esc. de Madrid. |
| 610 14 - PUNTO DE ACCESO ADICIONAL DE MATERIA--NOMBRE DE ENTIDAD CORPORATIVA | |
| Nombre de entidad corporativa o nombre de jurisdicción como elemento de entrada | Madrid. |
| Unidad subordinada | Junta Municipal de Sanidad. |
| 9 (RLIN) | 176000 |
| 650 #4 - PUNTO DE ACCESO ADICIONAL DE MATERIA--TÉRMINO DE MATERIA | |
| Término de materia o nombre geográfico como elemento de entrada | Cólera- |
| Subdivisión geográfica | Madrid. |
| 9 (RLIN) | 141887 |
| 852 4# - LOCALIZACIÓN | |
| Ubicación | ES-MaACL |
| Número de control de estantería | Fol-Laf-208 |
| 852 4# - LOCALIZACIÓN | |
| Ubicación | ES-MaACL |
| Número de control de estantería | T-60-F-16 |
| 856 4# - LOCALIZACIÓN Y ACCESO ELECTRÓNICOS | |
| Identificador Uniforme de Recursos | <a href="http://bdh-rd.bne.es/viewer.vm?id=0000106978&page=1 ">http://bdh-rd.bne.es/viewer.vm?id=0000106978&page=1 </a> |
| Nota pública | Biblioteca Digital Hispánica |
| Estatus retirado | Estado de pérdida | Estado de daño | No para préstamo | Colección | Biblioteca de origen | Biblioteca actual | Ubicación en estantería | Fecha de adquisición | Fuente de adquisición | Total de préstamos | Signatura topográfica completa | Código de barras | Visto por última vez | Precio de reemplazo | Tipo de ítem Koha |
|---|---|---|---|---|---|---|---|---|---|---|---|---|---|---|---|
| Colección de folletos | Biblioteca del Ateneo de Madrid | Biblioteca del Ateneo de Madrid | Depósito folletos | 11/07/2005 | T-60-F-16 | 1202307 | 23/02/2023 | 23/02/2023 | Folleto | ||||||
| Colección de folletos | Biblioteca del Ateneo de Madrid | Biblioteca del Ateneo de Madrid | Depósito folletos | 17/01/2008 | Fol-Laf-208 | 1165849 | 23/02/2023 | 23/02/2023 | Folleto |
